00996nam a2200277K 450000100060000000300080000600500170001400800410003103500190007204000320009104100080012308200250013109000230015610000290017924500970020826000320030530000420033749000260037950000460040550400400045165000300049170000270052194200120054899900170056095201410057731056BD-RjUL20211209051644.0140413s1965 enkab b 00100 eng d a(BD-RjUL)31143 aBOScBOSdBZMdBD-RjULbeng aeng a266.009669bAJC 1965 aBV3625.N5bA7 19651 aAjayi, J. F. Ade.98371910aChristian missions in Nigeria, 1841-1891 :bthe making of a new elite /cby J. F. Ade Ajayi. aLondon :bLongmans,cc1965. axvi, 317 p. :billus., maps ;c22 cm.0 aIbadan history series aRevision of thesis--University of London. aBibliography: p. 278-293 and index. 0aMissionszNigeria.9944171 aDike, K. O. ed.994418 2ddccBK c31056d31056 00102ddc40708NFICaRUCLbRUCLcStackd1968-12-27eZitlingerg35.00l0o266.009669 AJC 1965r2014-04-13 00:00:00tC-2w2014-04-13yBK